| 000 | 00408nam a22001457a 4500 | ||
|---|---|---|---|
| 999 |
_c17017 _d17017 |
||
| 008 | 180720b xxu||||| |||| 00| 0 eng d | ||
| 020 | _a9351451495 | ||
| 050 |
_aKNS1000 _b.V47 2015 c.1 |
||
| 100 | _aVerkey, Elizabeth | ||
| 245 |
_aIntrellectual Property _cElizabeth Verkey |
||
| 260 |
_aIndia _bEastern Book Company _c2015 |
||
| 300 | _alxiv, 632p. | ||
| 650 | _aIntellectual Property | ||
| 942 |
_2lcc _cBK |
||